000 004170000a22001690004500
003 MACL
005 20151227125942.0
008 151227b xxu||||| |||| 00| 0 eng d
040 _aMACL
_cmacl
041 _aEnglish
082 _a020.9/GUJ
100 _aGujrati B S
_923105
245 _aLibrarianship
260 _bLaxmi Publishing
_c1964
_aNew Delhi
650 _aLib. Science
_923145
942 _cBK
_k020.9/guj
_2ddc
999 _c36044
_d36044